Statistics for Daily U.S. State Riddle #13

Click here to take the quiz!

General Stats

  • This quiz has been taken 81 times
  • The average score is 32 of 35

Answer Stats

TypeAnswer% Correct
Alphabet LetterA
100%
Found LetterE
100%
Found LetterN
100%
Alphabet LetterR
100%
Alphabet LetterI
99%
Alphabet LetterO
99%
Alphabet LetterH
97%
Alphabet LetterM
97%
Alphabet LetterS
97%
Alphabet LetterW
97%
Alphabet LetterL
96%
Alphabet LetterG
94%
Found LetterK
94%
Found LetterT
94%
Found LetterC
93%
Alphabet LetterD
93%
Alphabet LetterF
92%
Found LetterY
92%
Alphabet LetterB
90%
Alphabet LetterV
90%
Correctly Placed LetterE
89%
Found LetterU
89%
Alphabet LetterX
89%
Alphabet LetterZ
87%
Alphabet LetterP
86%
Alphabet LetterJ
85%
Correctly Placed LetterK
85%
Correctly Placed LetterC
80%
Correctly Placed LetterK
80%
Mystery U.S. StateKentucky
80%
Correctly Placed LetterN
80%
Alphabet LetterQ
80%
Correctly Placed LetterT
80%
Correctly Placed LetterU
80%
Correctly Placed LetterY
80%

Score Distribution

Percentile by Number Answered

Percent of People with Each Score

Your Score History

You have not taken this quiz